000 00424 a2200145 4500
020 _a0201773236
024 _a9780201773231
082 _a658.4012
090 _c5404
_d5404
100 _aWheelen, Thomas L.; Hunger, David J.
245 _aStrategic Management and Business Policy
_bEntering 21st Century Global Society
_cWheelen, Hunger
250 _a6th Ed.
260 _bAddison-Wesley
942 _aNBS
_cBK
_k658.4012 WHE
999 _c347814
_d347814